| 000 | 00488nam a2200169Ia 4500 | ||
|---|---|---|---|
| 999 |
_c35339 _d35339 |
||
| 003 | OSt | ||
| 005 | 20201214102033.0 | ||
| 008 | 190216s9999||||xx |||||||||||||| ||und|| | ||
| 040 | _coclc | ||
| 082 |
_a500.9 _bGUI/J |
||
| 100 |
_aGuinness, Alma E _97418 |
||
| 245 | 0 |
_aJoy Of Nature / _cAlma E Guinness |
|
| 260 |
_bThe Reader`S Digest Assiciation, _c1977. _aNew York: |
||
| 300 | _a353p | ||
| 650 | _aPhopography | ||
| 942 |
_cREF _2ddc _h500.9 _iGUI/J _k500.9 _mGUI/J |
||